| 000 | 00542nam a22001577a 4500 | ||
|---|---|---|---|
| 020 | _qHard Cover. | ||
| 082 | _a620.005 | ||
| 100 | _aAsad, Rehan | ||
| 245 |
_aANALYSING THE ROLE OF SMALL AND MEDIUM ENTERPRISES FOR ECONOMIC DEVELOPMENT OF SOUTERN PUNJAB, PAKISTAN / _cRehan Asad |
||
| 260 |
_aIslamabad : _bCEME - NUST, _c2013. |
||
| 300 |
_a57 p. : ill. ; _c30cm. |
||
| 650 |
_aEngineering Management-MS-Thesis _916065 |
||
| 700 |
_aDr. Shahid Rashid. _934411 |
||
| 942 |
_2ddc _cTHE |
||
| 999 |
_c540408 _d540408 |
||